<?xml version="1.0" encoding="UTF-8"?>
<record
    xmlns:xsi="http://www.w3.org/2001/XMLSchema-instance"
    xsi:schemaLocation="http://www.loc.gov/MARC21/slim http://www.loc.gov/standards/marcxml/schema/MARC21slim.xsd"
    xmlns="http://www.loc.gov/MARC21/slim">

  <leader>00825nab a2200241 uc4500</leader>
  <controlfield tag="001">392374</controlfield>
  <controlfield tag="005">20260207100145.0</controlfield>
  <controlfield tag="008">990504e19980601                    spa  </controlfield>
  <datafield tag="035" ind1=" " ind2=" ">
    <subfield code="a">392374</subfield>
  </datafield>
  <datafield tag="035" ind1=" " ind2=" ">
    <subfield code="a">(OCoLC)819779977</subfield>
  </datafield>
  <datafield tag="040" ind1=" " ind2=" ">
    <subfield code="c">comduadb</subfield>
  </datafield>
  <datafield tag="041" ind1=" " ind2=" ">
    <subfield code="a">spa</subfield>
  </datafield>
  <datafield tag="100" ind1="1" ind2="0">
    <subfield code="a">Gonzalez Cortes, M. A.</subfield>
    <subfield code="4">aut</subfield>
    <subfield code="e">aut</subfield>
    <subfield code="9">292304</subfield>
  </datafield>
  <datafield tag="245" ind1="1" ind2="0">
    <subfield code="a">Aplicacion del sistema ARCP en una cofradia de pesca artesanal en Canarias</subfield>
  </datafield>
  <datafield tag="650" ind1=" " ind2=" ">
    <subfield code="a">Pesca artesanal</subfield>
    <subfield code="9">18151</subfield>
  </datafield>
  <datafield tag="650" ind1=" " ind2="7">
    <subfield code="a">Evaluaci&#xF3;n de riesgos</subfield>
    <subfield code="2">armarc</subfield>
    <subfield code="9">13426</subfield>
  </datafield>
  <datafield tag="650" ind1=" " ind2=" ">
    <subfield code="a">Autocontrol</subfield>
    <subfield code="9">5405</subfield>
  </datafield>
  <datafield tag="650" ind1=" " ind2=" ">
    <subfield code="a">Islas Canarias (Espa&#xF1;a)</subfield>
    <subfield code="9">55891</subfield>
  </datafield>
  <datafield tag="700" ind1="1" ind2="0">
    <subfield code="a">Estupi&#xF1;an, S.</subfield>
    <subfield code="4">aut</subfield>
    <subfield code="e">aut</subfield>
    <subfield code="9">292305</subfield>
  </datafield>
  <datafield tag="700" ind1="1" ind2="0">
    <subfield code="a">Millan, Rene</subfield>
    <subfield code="4">aut</subfield>
    <subfield code="e">aut</subfield>
    <subfield code="9">523855</subfield>
  </datafield>
  <datafield tag="773" ind1="0" ind2=" ">
    <subfield code="t">Alimentaci&#xF3;n, Equipos y Tecnolog&#xED;a (Madrid)</subfield>
    <subfield code="g">Vol. 17, No. 05, Jun. 1998, p. 123-130</subfield>
    <subfield code="w">6916</subfield>
    <subfield code="x">0212-1689</subfield>
    <subfield code="0">3171</subfield>
  </datafield>
  <datafield tag="942" ind1=" " ind2=" ">
    <subfield code="c">ARIMP</subfield>
  </datafield>
  <datafield tag="999" ind1=" " ind2=" ">
    <subfield code="c">119202</subfield>
    <subfield code="d">119202</subfield>
  </datafield>
</record>
